| 000 -LEADER |
| fixed length control field |
00446pab a2200169 454500 |
| 008 - FIXED-LENGTH DATA ELEMENTS--GENERAL INFORMATION |
| fixed length control field |
180718b2014 xxu||||| |||| 00| 0 eng d |
| 100 ## - MAIN ENTRY--PERSONAL NAME |
| Personal name |
Ysa, Tamyko |
| 245 ## - TITLE STATEMENT |
| Title |
Determinants of network outcomes: The impact of management strategies |
| 260 ## - PUBLICATION, DISTRIBUTION, ETC. |
| Date of publication, distribution, etc. |
2014 |
| 300 ## - PHYSICAL DESCRIPTION |
| Extent |
p.636-655. |
| 650 ## - SUBJECT ADDED ENTRY--TOPICAL TERM |
| Topical term or geographic name entry element |
Work organizations |
| 700 ## - ADDED ENTRY--PERSONAL NAME |
| Personal name |
Esteve, Marc |
| 700 ## - ADDED ENTRY--PERSONAL NAME |
| Personal name |
Sierra, Vicenta |
| 773 ## - HOST ITEM ENTRY |
| Main entry heading |
Public Administration |
| 908 ## - PUT COMMAND PARAMETER (RLIN) |
| Put command parameter |
N |
| 909 ## - |
| -- |
106324 |